<?xml version="1.0" encoding="UTF-8"?>
<collection xmlns="http://www.loc.gov/MARC21/slim">
  <record>
    <leader>00000nam  2200000   4500</leader>
    <datafield tag="247" ind1="#" ind2="#">
      <subfield code="a"/>
    </datafield>
    <datafield tag="856" ind1="#" ind2="#">
      <subfield code="a"/>
    </datafield>
    <datafield tag="700" ind1=" " ind2="#">
      <subfield code="a"/>
    </datafield>
    <datafield tag="650" ind1=" " ind2="#">
      <subfield code="a">Tata Kelola Pemberian Courtesy</subfield>
    </datafield>
    <datafield tag="520" ind1=" " ind2="#">
      <subfield code="a">Proyek perubahan ini menawarkan sebuah solusi untuk merapikan tata kelola pemberian courtesy bagi tamu negara dalam kunjungannya di Indonesia, termasuk dalam pertemuan internasional. Dengan adanya Peraturan Presiden yang mengatur Pemberian Courtesy pada penerimaan tamu negara dalma pertemuan internasional di Indonesia di jangka panjang adalah diharapkan pelaksanaan pemberian courtesy pada penerimaan tamu negara berjalan baik, efektif, efisien, dan berdampak bagi kepemimpinan Indonesia di dunia internasional.</subfield>
    </datafield>
    <datafield tag="321" ind1="#" ind2="#">
      <subfield code="a"/>
    </datafield>
    <datafield tag="310" ind1="#" ind2="#">
      <subfield code="a"/>
    </datafield>
    <datafield tag="300" ind1="#" ind2="#">
      <subfield code="a">45 hlm. :</subfield>
      <subfield code="b">ill. ;</subfield>
      <subfield code="c">30 cm</subfield>
      <subfield code="e"/>
    </datafield>
    <datafield tag="260" ind1="#" ind2="#">
      <subfield code="a">Jakarta :</subfield>
      <subfield code="b">Pusbangkom Pimnas dan Manajerial ASN. ;</subfield>
      <subfield code="c">2024</subfield>
    </datafield>
    <controlfield tag="001">$a INLIS000000000020889</controlfield>
    <datafield tag="245" ind1="#" ind2="#">
      <subfield code="a">Pengembangan Ekosistem Tata Kelola Pemberian Courtesy Pada Penerimaan Tamu Negara Dalam Pertemuan Internasional di Indonesia</subfield>
      <subfield code="b"/>
      <subfield code="c">Noviyanti</subfield>
    </datafield>
    <datafield tag="100" ind1=" " ind2="#">
      <subfield code="a">Noviyanti</subfield>
    </datafield>
    <datafield tag="084" ind1="#" ind2="#">
      <subfield code="a">R 0161 PKN II 2024</subfield>
    </datafield>
    <datafield tag="082" ind1="#" ind2="#">
      <subfield code="a"/>
    </datafield>
    <datafield tag="035" ind1="#" ind2="#">
      <subfield code="a">0010-0426000046</subfield>
    </datafield>
    <datafield tag="020" ind1="#" ind2="#">
      <subfield code="a"/>
    </datafield>
    <controlfield tag="008">$a 260427################g##########0#ind##</controlfield>
    <controlfield tag="005">$a 20260427150752</controlfield>
  </record>
</collection>
